Cultura general de México #1 - Estadísticas

Estadísticas generales
  • Esta prueba ha sido intentada 204 veces
  • La puntuación promedio es 10 de 20
Estadísticas de respuestas
Pregunta Respuesta % Correcto
¿Qué animales aparecen en la bandera mexicana? Águila real
98%
¿Qué festividad aparece en la película Coco? Día de Muertos
87%
¿Qué animales aparecen en la bandera mexicana? Culebra
83%
¿Qué suele ser el ingrediente principal de una tortilla mexicana? Maíz
76%
¿Qué canción tradicionalmente se canta en el cumpleaños? «Las mañanitas»
72%
¿Qué serie de comedia situacional lanzó por primera vez en 1971 protagonizado por Roberto Gómez Bolaños? El Chavo del 8
60%
¿En qué ciudad viven los chilangos? Ciudad de México
59%
¿Quién fue la persona más rica del mundo entre 2010 y 2013? Carlos Slim
58%
¿Qué críptido se alimenta de la sangre de animales? Chupacabra
51%
¿En qué día se celebra el Grito de Dolores? 15 de septiembre
45%
¿Qué palabra se utiliza en México para decir "¿Qué?" o "¿Cómo?"? Mande
43%
Según la famosa broma sin fundamento, ¿qué estado no existe? Tlaxcala
42%
¿Qué película de 2006 de Guillermo del Toro ganó varios premios? El laberinto del fauno
38%
¿Qué escritor ganó un Premio Nobel en 1990? Octavio Paz
38%
¿Qué pseudónimo tuvo Mario Fortino Alfonso Moreno Reyes? Cantinflas
37%
¿A quién apareció la Virgen de Guadalupe? San Juan Diego
34%
¿A qué cordillera española refiere la letra de «Cielito lindo»? Sierra Morena
33%
¿Qué pasó a ser "nuevo" en 1993 después de estar dividido entre mil? Peso mexicano
31%
¿Qué cóctel lleva refresco de toronja? Paloma
24%
¿Qué artista es primo de Peso Pluma? Tito Doble P
20%
No se encontraron pruebas coincidentes
Distribución de puntuación
Porcentaje de gente con cada puntuación
Porcentaje por número respondido
Historial de tus puntuaciones
No has intentado esta prueba.